La Liga Torschützen 2020/2021 - Statistiken

Allgemein
  • Dieses Quiz wurde 306 mal gespielt
  • Das Durchschnittsergebnis liegt bei 6 aus 19
Antwortstatistiken
Tore Verein Spieler % Korrekt
30 FC Barcelona Lionel Messi
98%
23 Real Madrid Karim Benzema
92%
21 Atlético Madrid Luis Suárez
79%
13 FC Barcelona Antoine Griezmann
65%
14 Celta Vigo Iago Aspas
49%
23 Villarreal CF Gerard
35%
17 Real Sociedad San Sebastian Alexander Isak
31%
11 Real Sociedad San Sebastian Mikel Oyarzabal
24%
14 Levante UD Morales
22%
11 Betis Sevilla Borja Iglesias
15%
18 Sevilla FC Youssef En-Nesyri
15%
12 Atlético Madrid Marcos Llorente
14%
11 CD Alavés Joselu
12%
11 Valencia CF Carlos Soler
10%
13 SD Huesca Rafa Mir
9%
12 Celta Vigo Santi Mina
8%
12 Levante UD Roger
6%
11 CA Osasuna Ante Budimir
4%
12 SD Eibar Kike García
3%
Keine übereinstimmenden Quizze gefunden
Verteilung der Resultate
Anzahl Personen mit jedem Resultat
Perzentil nach korrekt beantworteten Fragen
Ihre Resultats-Entwicklung
Sie haben dieses Quiz noch nicht gespielt